000 00247nam a22001217a 4500
008 170323b xxu||||| |||| 00| 0 eng d
041 _aeng
080 _a616.9
100 _a8
101 _aSHM
245 _aVIROLOGY
_cHIRST, G.K
942 _2udc
_cBK
999 _c8463
_d8463